000 01012cam a22002531 4500
001 e 52000034
003 DLC
005 20260227111234.0
008 850516s1952 dcua f000 0 eng c
010 _ae 52000034
035 _a(OCoLC)12044560
040 _aU.S. Office of Education
_cNBuU
_dOCoLC
_dDLC
042 _apremarc
050 0 0 _aL111
_b.A6 1952, no. 4
051 _aKF4143
_b.J44 1952
100 1 _aJeffers, Myrtis Merrit Keels,
_d1908-
245 1 0 _aState provisions for school lunch programs;
_blaws and personnel.
260 _a[Washington]
_bFederal Security Agency, Office of Education
_c[1952]
300 _aiv, 40 p.
_billus.
_c23 cm.
490 1 _a[U.S.] Office of Education. Bulletin, 1952,
_vno. 4
501 _aCopies 1 and 2 of L111.A6 with: Know your school law / Ward W. Keesecker. Washington : Govt. Print. Off., 1952. Bound together subsequent to publication.
_5DLC
650 0 _aSchool children
_xFood.
830 0 _aBulletin (United States. Office of Education) ;
_v1952, no. 4.
999 _c22174
_d22174